| 000 | 00710nam a2200229 a 4500 | ||
|---|---|---|---|
| 001 | 000019864 | ||
| 005 | 20200929170152.0 | ||
| 008 | 100708s1976 sp r 000 0 spa d | ||
| 020 | _a8471190184 | ||
| 040 |
_aDO-SdBNP _bspa _cBNPHU |
||
| 041 | 0 | 7 |
_aspa _2eng |
| 082 |
_axxx _bL951m |
||
| 100 | 1 |
_aLugo-Guernelli, Adelaide _942387 |
|
| 240 | 1 | 0 | _aManual of commercial grammar |
| 245 | 1 | 0 |
_aManual de gramática comercial / _cAdelaide Lugo-Guernelli , John Guernelli , Luis León. |
| 260 |
_aMadrid : _bEdiciones Partenón, _c1976. |
||
| 300 |
_axi, 204 ; _c22 cm. |
||
| 500 | _aIncluye vocabulario inglés-español. | ||
| 700 | 1 |
_aGuernelli, John _942388 |
|
| 700 | 1 |
_aLeón, Luis _942389 |
|
| 049 | _aBNGR | ||
| 999 |
_c19377 _d19377 |
||